000 00396cam a2200157ua 4500
003 OSt
008 250602b |||||||| |||| 00| 0 eng d
020 _a07-166623-7
041 _aeng
082 _a624.171
_bWAN/IN
100 _aWang, C.K .
_97525
245 _aIntermediate structural analysis /
260 _a :
_bInternational Students Edition ,
_c1985.
300 _a790 ; .
942 _cBK
999 _c10216
_d10216